Premier League Table Toppers Quiz Stats

 Plays Quiz not verified by Sporcle

Support Sporcle.
Go Orange.
Score 0/27 Timer 04:00
0 Plays Today
Club % Correct
Southampton
100%
Manchester United
96.6%
Arsenal
96.6%
Chelsea
96.1%
Manchester City
96.1%
Liverpool
93.2%
Leicester City
92.7%
Blackburn Rovers
89.3%
Tottenham Hotspur
89.3%
Aston Villa
86.4%
Everton
86.4%
Newcastle United
85.9%
Leeds United
85%
West Ham United
84%
Club % Correct
Hull City
73.7%
Norwich City
72.8%
Nottingham Forest
67%
Bolton Wanderers
66.5%
Fulham
65%
Portsmouth
63.1%
Ipswich Town
62.6%
Queens Park Rangers
60.2%
Sheffield Wednesday
57.8%
Wigan Athletic
56.3%
Wimbledon
51.9%
Charlton Athletic
49%
Coventry
48.5%

You're not logged in!

Compare scores with friends on all Sporcle quizzes.
OR
Log In

From the Vault

Doctor, Lawyer, or Architect?

by bobinwilder1

Turn your head and cough up attorney's fees so we can start building.
Remove Ads.
Support Sporcle.
Get the best of Sporcle when you Go Orange. This ad-free experience offers more features, more stats, and more fun while also helping to support Sporcle. Thank you for becoming a member.

Show Comments

Extras

Top Quizzes Today


Score Distribution

Your Account Isn't Verified!

In order to create a playlist on Sporcle, you need to verify the email address you used during registration. Go to your Sporcle Settings to finish the process.

Report this User

Report this user for behavior that violates our Community Guidelines.

Details: